01528nam a2200301 4500001000400000003000400004005001700008008004100025020001800066040000800084041001300092082001500105100003100120240002900151245009300180250001300273260003300286300001100319520074200330650002301072650001301095650002201108650001701130650001301147655001201160655001601172700003801188371OSt20250528074019.0250403b |||||||e |||| 00| 1 eng d a9788501015112 bpor hengapor a823bF735a1 aForsyth, Frederick,d1938- aThe Devil´s alternative aA alternativa do Diabo / cForsyth, Frederick ; Traduçãoi de A. B. Pinheiro de Lemos a8° ed.  aRio de JaneirobRecordc1979 a438 p. aQualquer que fosse a sua opção, muitos homens iriam morrer! Essa é ´A Alternativa do Diabo´, uma aterradora decisão que o Presidente dos Estados Unidos e outros estadistas em todo o mundo têm de tomar. E esse é o tema do mais notável e ambicioso romance de Frederick Forsyth. À medida que a envolvente história deste livro vai adquirindo ímpeto, somos transportados de Moscou para Londres, de Roterdã para Washington, de uma casa de campo na Irlanda para bordo do maior petroleiro do mundo, que ameaça poluir todo o Atlântico Norte. O clímax mais espetacular já criado por este mestre do suspense e as surpresas de último minuto nos capítulos finais são de deixar o leitor de respiração presa.  0aLiteratura Inglesa 0aPolitica 0aRomance Policial  0aCrise Global 0aSuspense 0aRomance 0aFicção  aA. B. Pinheiro de LemoseTradutor